Strategic planning for increased profit in the small business.

Riešenie problémov strategického plánovania obchodnej činnosti malých firiem, kde majiteľ je zároveň aj manažérom. Požiadavky na investície nevyhnutné pre strategický rozvoj a adaptabilitu spoločnosti. Podmienky, ktoré musí malá firma spĺňať na zabezpečenie úspešného plánovania a spôsoby riešenia pr...

Descrizione completa

Salvato in:
Dettagli Bibliografici
Autore principale: Aram, J.D
Altri autori: Cowen, S.S
Natura: Capitolo di libro
Lingua:inglese
Soggetti:
Tags: Aggiungi Tag
Nessun Tag, puoi essere il primo ad aggiungerne!!

MARC

LEADER 00000naa a2200000 4500
001 r003721
005 20220819194724.0
041 0 |a eng 
044 |a GB 
245 1 0 |a Strategic planning for increased profit in the small business.  |c J.D. Aram, S.S. Cowen 
520 |a Riešenie problémov strategického plánovania obchodnej činnosti malých firiem, kde majiteľ je zároveň aj manažérom. Požiadavky na investície nevyhnutné pre strategický rozvoj a adaptabilitu spoločnosti. Podmienky, ktoré musí malá firma spĺňať na zabezpečenie úspešného plánovania a spôsoby riešenia procesu rozvoja. 
610 2 0 |a plánovanie podnikové 
610 2 0 |a stratégia podniková 
610 2 0 |a podnik malý 
610 2 0 |a manažment 
610 2 0 |a firmy 
610 2 0 |a investície 
610 2 0 |a zisk podnikový 
100 1 |a Aram, J.D. 
700 1 |a Cowen, S.S.